Kanye West - Bully Tracklist - Statistics

General Stats
  • This quiz has been taken 91 times
  • The average score is 12 of 18
Answer Stats
Hint Answer % Correct
3 FATHER
94%
1 KING
87%
4 ALL THE LOVE
81%
9 BULLY
81%
14 PREACHER MAN
80%
5 PUNCH DRUNK
73%
15 BEAUTY AND THE BEAST
71%
13 CIRCLES
71%
12 WHITE LINES
69%
16 DAMN
67%
2 THIS A MUST
67%
10 HIGHS AND LOWS
64%
17 LAST BREATH
64%
8 SISTERS AND BROTHERS
64%
6 WHATEVER WORKS
64%
18 THIS ONE HERE
61%
11 I CAN'T WAIT
43%
7 MAMA'S FAVORITE
40%
No matching quizzes found
Score Distribution
Percent of People with Each Score
Percentile by Number Answered
Your Score History
You have not taken this quiz